The Wonderful Wizard Of Oz (Record no. 11661)

MARC details
000 -LEADER
fixed length control field 00258nam a22000977a 4500
008 - FIXED-LENGTH DATA ELEMENTS--GENERAL INFORMATION
fixed length control field 191122b ||||| |||| 00| 0 eng d
020 ## - INTERNATIONAL STANDARD BOOK NUMBER
International Standard Book Number 9789380278551
100 ## - MAIN ENTRY--PERSONAL NAME
Personal name Baum Frank
9 (RLIN) 7363
245 ## - TITLE STATEMENT
Title The Wonderful Wizard Of Oz
260 ## - PUBLICATION, DISTRIBUTION, ETC. (IMPRINT)
Place of publication, distribution, etc. New Delhi
Name of publisher, distributor, etc. Paper Clip
Date of publication, distribution, etc. 2019
Holdings
Withdrawn status Lost status Source of classification or shelving scheme Damaged status Koha normalized classification for sorting Not for loan Home library Current library Shelving location Date acquired Total Checkouts Total Renewals Full call number Barcode Date last seen Date last checked out Price effective from Koha item type
    Dewey Decimal Classification   823_000000000000000_N1   Good Samaritan School Library Good Samaritan School Library FICTION 11/22/2019 4 1 823 N-1 BAU15690 08/28/2024 08/28/2024 11/22/2019 BOOK

Powered by Koha